16 Greatest Defensemen in NHL Post-Expansion History - Statistics

General Stats
  • This quiz has been taken 133 times
  • The average score is 11 of 16
Answer Stats
# Team Defenseman % Correct
1 Bruins Bobby Orr
96%
2 Red Wings Nicklas Lidström
92%
14 Bruins Zdeno Chára
90%
5 Oilers Paul Coffey
81%
3 Bruins Ray Bourque
81%
16 Senators Erik Karlsson
79%
12 Devils Scott Stevens
76%
11 Flames Al MacInnis
73%
8 Rangers Brian Leetch
73%
4 Canadiens Larry Robinson
69%
6 Islanders Denis Potvin
68%
9 Devils Scott Niedermayer
65%
13 Blues Chris Pronger
60%
7 Blackhawks Chris Chelios
58%
10 Bruins Brad Park
28%
15 Capitals Larry Murphy
22%
No matching quizzes found
Score Distribution
Percent of People with Each Score
Percentile by Number Answered
Your Score History
You have not taken this quiz